| 000 | 01271nam a2200313 i 4500 | ||
|---|---|---|---|
| 001 | 187216 | ||
| 003 | ES-MaACL | ||
| 005 | 20230906222839.0 | ||
| 008 | 170508s1980 sp |||| | spa d | ||
| 020 | _a84-600-1990-X | ||
| 020 | _a84-600-1994-2 | ||
| 080 | _a946.028.5 T.(063) | ||
| 111 | 2 |
_aSimposio Toledo Renacentista ( _n5º. _d1975. _cToledo) _9162565 |
|
| 245 | 1 | 0 |
_aToledo renacentista _b: (Toledo, 24-26 abril 1975) : V Simposio / _c[prefacio, Daniel Poyán Díaz ; presentación, Manuel Fernández Álvarez]. |
| 260 |
_a[Toledo] : _bCentro Universitario de Toledo, Universidad Complutense, _c[1980] |
||
| 300 |
_a3 t. en 4 v. ; _c20 cm. |
||
| 490 | 1 |
_aToledo universitario ; _v17-20 |
|
| 504 | _aReferencias bibliográficas. | ||
| 594 | _aTít. tomado de cub. | ||
| 650 | 4 |
_aRenacimiento- _zToledo. _9172790 |
|
| 651 | 4 |
_aToledo- _xHistoria- _vCongresos y asambleas. _9162524 |
|
| 651 | 4 |
_aToledo- _xHistoria- _yS.XVI. _9142468 |
|
| 700 | 1 |
_aPoyán Díaz, Daniel. _993515 |
|
| 700 | 1 |
_aFernández Álvarez, Manuel, _d1921-2010 _949458 |
|
| 710 | 2 |
_aUniversidad Complutense de Madrid. _bCentro Universitario de Toledo. _9162578 |
|
| 830 | 1 |
_aToledo universitario ; _v17-20 _9185581 |
|
| 852 |
_aES-MaACL _jL-31560-63 |
||
| 999 |
_c187216 _d187216 |
||